00311nam a2200121Ia 4500008004100000041000800041082001800049100001600067245003900083260002800122300003200150365000700182240624s9999 xx 000 0 und d aeng a658.40352 BIN aBINMORE KEN aFUN AND GAME A TEXT ON GAME THEORY c1999aDelhibA.I.T.B.S. axxix, : 602 : p. : cm. ; 24 cRS